Đề cương về văn hóa Việt Nam năm 1943 : Giá trị lịch sử và hiện thực /

Na minha lista:
Detalhes bibliográficos
Outros Autores: Nguyễn Đình Minh, PGS.TS. (chủ biên.)
Formato: Sách giấy
Idioma:Vietnamese
Publicado em: H. : Quân đội Nhân dân, 2016.
Assuntos:
Tags: Adicionar Tag
Sem tags, seja o primeiro a adicionar uma tag!
Thư viện lưu trữ: Thư viện Trường Đại học Đà Lạt
LEADER 00803nam a2200301 4500
001 DLU190193564
005 ##20191121
020 # # |a 9786045120552 
040 # # |a DLU  |b vie 
041 # # |a vie 
044 # # |a vn 
082 # # |a 306.089 959 2  |b Dec 
245 # # |a Đề cương về văn hóa Việt Nam năm 1943 :  |b Giá trị lịch sử và hiện thực /  |c Nguyễn Đình Minh chủ biên. 
260 # # |a H. :  |b Quân đội Nhân dân,  |c 2016. 
300 # # |a 256 tr. ;  |c 21 cm. 
650 # # |a Văn hóa. 
700 # # |a Nguyễn Đình Minh,  |c PGS.TS.  |e chủ biên. 
923 # # |a 07/2019 
991 # # |a SH 
992 # # |a 64000 
994 # # |a DLU 
900 # # |a True 
911 # # |a Nguyễn Thanh Hương 
925 # # |a G 
926 # # |a A 
927 # # |a SH 
980 # # |a Thư viện Trường Đại học Đà Lạt